Pokémon - Les talents signatures - Statistiques

Statistiques générales
  • Ce quiz a été pris 51 fois
    14 depuis la dernière actualisation
  • Le résultat moyen est 97 sur 123
Statistiques - réponses
Talent Pokémon % Correct
Aquabulle Araqua | Tarenbulle
100%
Multitype Arceus
100%
Blanche Ruade Blizzeval
100%
Expuls'Organes Concombaffe
100%
Libéro Flambino | Lapyro | Pyrobut
100%
Corps en Or Gromago
100%
Spectro-Bouclier Lunala
100%
Animacœur Magearna
100%
Souffle Delta Méga-Rayquaza
100%
Météo Morphéo
100%
Terre Finale Primo-Groudon
100%
Mer Primaire Primo-Kyogre
100%
Air Lock Rayquaza
100%
Punk Rock Salarsen
100%
Repli Tactique Sarmuraï
100%
Sel Purificateur Selutin | Amassel | Gigansel
100%
Poing Invisible Shifours
100%
Métallo-Garde Solgaleo
100%
Sombre Ruade Spectreval
100%
Osmose Équine Sylveroy
100%
Téramorphose | Téra-Carapace | Téraformation 0 Terapagos (Forme Normale - Téracristal - Stellaire)
100%
Victorieux Victini
100%
Aura Féérique Xerneas
100%
Perles du Fléau Yuyu
100%
Aura Ténébreuse Yveltal
100%
Lame Indomptable Zacian
100%
Égide Inflexible Zamazenta
100%
Illusion Zorua | Zorua de Hisui | Zoroark | Zoroark de Hisui
100%
Aura Inversée | Rassemblement Zygarde
100%
Synergie Amphinobi
92%
Épée du Fléau Baojian
92%
Tête de Gel Bekaglaçon
92%
Bois du Fléau Chongjian
92%
Mauvais Rêve Darkrai
92%
Urne du Fléau Dinglu
92%
Déclic Tactique Exagide
92%
Banc Froussardine
92%
Bouclier-Carcan Météno
92%
Fantômasque Mimiqui
92%
Garde Mystik Munja
92%
Emprise Toxique Pêchaminus
92%
Danseuse Plumeline
92%
Général Suprême Scalpereur
92%
Système Alpha Silvallié
92%
Gaz Inhibiteur Smogo | Smogogo | Smogogo de Galar
92%
Momie Tutafeh | Tutankafer
92%
Grecharge Ampibidou
83%
Sable Humide Bacabouh | Trépassable
83%
Bien Cuit Briochien
83%
Turbine Charbi | Wagomine | Monthracite
83%
Hypersommeil Dodoala
83%
Odeur Tenace Fragroin (mâle uniquement)
83%
Thermodynamique Frigodo | Cryodo | Glaivodo
83%
Dépôt Toxique Germéclat | Floréclat
83%
Pouls Orichalque Koraidon
83%
Amour Filial Méga-Kangourex
83%
Imposteur Métamorph
83%
Moteur à Hadrons Miraidon
83%
Prisme-Armure Necrozma
83%
Commandant Nigirigon
83%
Hydrata-Son Otaquin | Otarlette | Oratoria
83%
Ailes Bourrasque Passerouge | Braisillon | Flambusard
83%
Dent de Dragon Regidrago
83%
Transistor Regieleki
83%
Normalise Skitty | Delcatty
83%
Supermutation Superdofin
83%
Cérébro-Force Ultra-Necrozma
83%
Mûrissement Verpom | Pomdrapi | Dratatin
83%
Semencier Arboliva
75%
Défaitiste Arkéapti | Aéroptéryx
75%
Longue Portée Brindibou | Efflèche | Archéduc
75%
Batterie Chrysapile
75%
Mode Transe Darumacho | Darumacho de Galar
75%
Expul'Sable Dunaja | Dunaconda
75%
Absorbe-Terre Ferdeter
75%
Prioguérison Guérilande
75%
Porte-Roche Lestombaile
75%
Déclic Fringale Morpeko
75%
Dégobage Nigosier
75%
Aux Petits Soins Poltchageist | Théffroyable
75%
Surf Caudal Raichu d'Alola
75%
Mèche Rebelle Taupiqueur d'Alola | Triopikeur d'Alola
75%
Âme Vagabonde Tutafeh de Galar | Tutétékri
75%
Ramasse Ball Voltoutou
75%
Toison Herbue Cabriolaine | Chevroum
67%
Corps Condamné Corayôme
67%
Armure Miroir Corvaillus
67%
Armure Caudale Farigiraf
67%
Homochromie Kecleon
67%
Rage Poison Mangriff
67%
Force Pure Méditikka | Charmina | Méga-Charmina
67%
Peau Électrique Racaillou d'Alola | Gravalanch d'Alola | Grolem d'Alola
67%
Escampette Sovkipou
67%
Prestance Royale Sucreine
67%
Frein Ténéfix
67%
Turbine Éolienne Zapétrel | Fulgulairo
67%
Rage Brûlure Baudrive | Grodrive
58%
Corps Coloré Denticrisse
58%
Cercle d'Énergie Dolman
58%
Écailles Glacées Frissonille | Beldeneige
58%
Nectar Mielleux Pomdramour | Pomdorochi
58%
Voile Pastel Ponyta de Galar | Galopa de Galar
58%
Receveur Quartermac
58%
Expert Acier Sinistrail
58%
Œil Révélateur Ursaking (Lune Vermeille)
58%
Cruauté Vorastérie | Prédastérie
58%
Boost Acier Berserkatt
50%
Don Floral Ceriflor
50%
Opportuniste Cléopsytra
50%
Courroupace Craparoi
50%
Entêtement Darumacho de Galar
50%
Nerfs d'Acier Duralugon | Pondralugon
50%
Propulseur Embrochet | Hastacuda
50%
Tir Vif Flagadoss de Galar
50%
Collab Flamenroule
50%
Brise-Barrière M. Mime de Galar | M. Glaquette
50%
Force Mémorielle Ogerpon (Forme Téracristallisée)
50%
Breuvage Suspect Roigada de Galar
50%
Force Fongique Terracool | Terracruel
42%
Effilochage Tournicoton | Blancoton
33%
Mimétisme Limonde de Galar
25%
Osmose Tadmorv d'Alola | Grotadmorv d'Alola
25%
Aucun quiz correspondant
Distribution des résultats
% des personnes avec chaque résultat
Percentile par nombre de réponses
Votre historique - résultats
Vous n’avez pas pris ce quiz depuis la dernière actualisation